000 004730000a22001570004500
003 MACL
005 20180227165511.0
008 180227b xxu||||| |||| 00| 0 eng d
040 _cmacl
100 _a कांलिन्‍स, लैरी
_970863
245 _aआधी रात को आजादी
260 _bयुगचेतना साहित्‍य
_c2003
350 _a350
650 _a हिस्‍टरी,
_99054
942 _cHIN
_k900
_2ddc
999 _c18335
_d18335